Visualizzazione normale
Vista MARC
- mass-media
di Topical Term
Records bibliografici associati: 1
001 - CONTROL NUMBER
- control field: 60161
003 - CONTROL NUMBER IDENTIFIER
- control field:
005 - DATE AND TIME OF LATEST TRANSACTION
- control field: 20230526104800.0
008 - FIXED-LENGTH DATA ELEMENTS
- fixed length control field: 230526|| aca||aabn | a|a d
040 ## - CATALOGING SOURCE
- Original cataloging agency:
- Transcribing agency:
150 ## - HEADING--TOPICAL TERM
- Topical term or geographic name entry element: mass-media
670 ## - SOURCE DATA FOUND
- Source citation: Work cat.: ()359766: Gui Marco 60160, Lo smartphone in famigia: istruzioni per l'uso., 2022